Pensamiento Jurídic : (Registro nro. 7263)
[ vista simple ]
| 000 -CABECERA | |
|---|---|
| campo de control de longitud fija | 00482nas a2200157 a 4500 |
| 001 - NÚMERO DE CONTROL | |
| campo de control | 000058013 |
| 005 - FECHA Y HORA DE LA ÚLTIMA TRANSACCIÓN | |
| campo de control | 20200120223848.0 |
| 008 - DATOS DE LONGITUD FIJA--INFORMACIÓN GENERAL | |
| campo de control de longitud fija | 130710c2007 ck r1 0 0spa d |
| 015 ## - NÚMERO DE BIBLIOGRAFÍA NACIONAL | |
| Número de bibliografía nacional | S |
| -- | S |
| -- | S |
| 245 10 - MENCIÓN DE TÍTULO | |
| Título | Pensamiento Jurídic : |
| Resto del título | Historia del derecho. |
| 260 ## - PUBLICACIÓN, DISTRIBUCIÓN, ETC. | |
| Lugar de publicación, distribución, etc. | Bogotá : |
| Nombre del editor, distribuidor, etc. | Universidad Nacional de Colombia. Facultad de Derecho, Ciencias Políticas y Sociales. |
| 300 ## - DESCRIPCIÓN FÍSICA | |
| Extensión | 211 p. : |
| Otras características físicas | il. |
| 650 #7 - PUNTO DE ACCESO ADICIONAL DE MATERIA--TÉRMINO DE MATERIA | |
| Término de materia o nombre geográfico como elemento de entrada | Derecho |
| 650 ## - PUNTO DE ACCESO ADICIONAL DE MATERIA--TÉRMINO DE MATERIA | |
| Término de materia o nombre geográfico como elemento de entrada | Cicnias Políticas |
| 650 ## - PUNTO DE ACCESO ADICIONAL DE MATERIA--TÉRMINO DE MATERIA | |
| Término de materia o nombre geográfico como elemento de entrada | Teoría del Derecho |
No hay ítems disponibles.
